[Event "Linares"]
[Site "?"]
[Date "1995.??.??"]
[Round "?"]
[White "Karpov, An"]
[Black "Beliavsky, A."]
[Result "1/2-1/2"]
[WhiteElo "2765"]
[BlackElo "2650"]
[PlyCount "139"]
[EventDate "1995.??.??"]
[Source "ChessBase"]
[SourceDate "1995.02.01"]

1. c4 c6 2. e4 d5 3. exd5 cxd5 4. d4 Nf6 5. Nc3 e6 6. Nf3 Be7 7. cxd5 Nxd5 8. Bd3 O-O 9. O-O Nc6 10. Re1 Nf6 11. Bg5 h6 12. Be3 Nb4 13. Bb1 b6 14. Qd2 Re8 15. a3 Nc6 16. Qd3 Bb7 17. Ne4 Kf8 18. Bd2 a5 19. Bf4 Nd5 20. Bg3 Ba6 21. Qd2 Rc8 22. Ba2 Kg8 23. Rac1 Nf6 24. Nc3 Bf8 25. d5 exd5 26. Rxe8 Qxe8 27. Nxd5 Nxd5 28. Bxd5 Ne7 29. Ba2 Rxc1+ 30. Qxc1 Bb7 31. Ne5 Bd5 32. Bb1 Nc6 33. Qd2 Qe6 34. Nd3 Qf5 35. Qd1 Nd4 36. Nf4 Bb3 37. Bxf5 Bxd1 38. Bd3 Bb3 39. Kf1 g6 40. Ke1 Bg7 41. Kd2 Ba4 42. Be4 Nb3+ 43. Kc2 Nd4+ 44. Kb1 Nb3 45. Bd5 Nd2+ 46. Kc1 Nb3+ 47. Kc2 Nd4+ 48. Kd3 Nf5 49. b3 Bd7 50. a4 h5 51. Ne2 Nxg3 52. Nxg3 Kf8 53. Ne4 Ke7 54. h4 Bb2 55. Ng5 f6 56. Ne4 Bc8 57. g3 Bh3 58. Ke3 Ba3 59. Bc4 Bc8 60. Ke2 Bb4 61. Kd3 Bb7 62. Ke3 Ba3 63. Nc3 Bc5+ 64. Ke2 Kf8 65. Nd5 Kg7 66. Nf4 Kh6 67. Ne6 Ba3 68. Nf4 g5 69. Nd5 Bxd5 70. Bxd5 1/2-1/2

[Event "Linares"]
[Site "?"]
[Date "1995.??.??"]
[Round "?"]
[White "Topalov, V."]
[Black "Karpov, An"]
[Result "0-1"]
[WhiteElo "2630"]
[BlackElo "2765"]
[PlyCount "108"]
[EventDate "1995.??.??"]
[Source "ChessBase"]
[SourceDate "1995.02.01"]

1. e4 c6 2. d4 d5 3. exd5 cxd5 4. c4 Nf6 5. Nc3 e6 6. Nf3 Be7 7. cxd5 Nxd5 8. Bd3 Nc6 9. O-O O-O 10. Re1 Bf6 11. Be4 Nce7 12. Qd3 h6 13. Ne5 Nxc3 14. Qxc3 Nf5 15. Be3 a5 16. Rac1 a4 17. Red1 Nxe3 18. Qxe3 Qb6 19. Ng4 Bg5 20. f4 Be7 21. Bb1 Bd7 22. Qg3 f5 23. Nxh6+ Kh7 24. Ng4 Rfd8 25. Ne5 Be8 26. Qe3 Bf6 27. g4 g6 28. gxf5 exf5 29. Qc3 Rac8 30. Qh3+ Kg7 31. Rxc8 Rxc8 32. Qg2 Rd8 33. Qf2 Be7 34. h4 Qf6 35. Rc1 Qxh4 36. Rc7 Kf8 37. Qe3 Bd6 38. Rxb7 Bxe5 39. Qxe5 Qg3+ 40. Kf1 Qf3+ 41. Ke1 Qxb7 42. Qf6+ Bf7 43. Qxd8+ Kg7 44. d5 Qb4+ 45. Kd1 Qd4+ 46. Kc2 Qe4+ 47. Kc3 Qxb1 48. d6 Qe1+ 49. Kd4 Qb4+ 50. Ke3 Qe4+ 51. Kd2 Qxf4+ 52. Kc2 Qc4+ 53. Kd2 Qd4+ 54. Kc1 f4 0-1

[Event "Wijk aan Zee 71/442"]
[Site "?"]
[Date "1998.??.??"]
[Round "?"]
[White "Timman, Jan H"]
[Black "Karpov, Anatoly"]
[Result "1/2-1/2"]
[WhiteElo "2635"]
[BlackElo "2735"]
[PlyCount "53"]
[EventDate "1998.??.??"]
[Source "ChessBase"]
[SourceDate "1997.10.01"]

1. e4 c6 2. d4 d5 3. exd5 cxd5 4. c4 Nf6 5. Nc3 e6 6. Nf3 Be7 7. cxd5 Nxd5 8. Bd3 Nc6 9. O-O O-O 10. Re1 Nf6 11. a3 b6 12. Bc2 Ba6 13. Bf4 Rc8 14. Rc1 Bc4 15. Bg3 g6 16. Ba4 a6 17. Bxc6 Rxc6 18. Ne5 Rc8 19. Qa4 Bd5 20. Nxd5 Nxd5 21. Nc6 Qd7 22. Nxe7+ Qxe7 23. Qxa6 Qd7 24. h3 Rc6 25. Qe2 Rfc8 26. Qd2 b5 27. h4 1/2-1/2

[Event "USSR (ch)"]
[Site "?"]
[Date "1988.??.??"]
[Round "?"]
[White "Ivanchuk, V."]
[Black "Karpov, An"]
[Result "1/2-1/2"]
[WhiteElo "2625"]
[BlackElo "2725"]
[PlyCount "26"]
[EventDate "1988.??.??"]
[Source "ChessBase"]
[SourceDate "1988.07.01"]

1. d4 Nf6 2. c4 e6 3. Nf3 c5 4. e3 cxd4 5. exd4 d5 6. Nc3 Be7 7. cxd5 Nxd5 8. Bd3 Nc6 9. O-O O-O 10. Re1 Bf6 11. Be4 Nce7 12. Ne5 Nc6 13. Nf3 Nce7 1/2-1/2

[Event "Trud-CSKA"]
[Site "?"]
[Date "1986.??.??"]
[Round "?"]
[White "Beliavsky, A."]
[Black "Karpov, An"]
[Result "1/2-1/2"]
[WhiteElo "2585"]
[BlackElo "2705"]
[PlyCount "84"]
[EventDate "1986.??.??"]
[Source "ChessBase"]
[SourceDate "1986.07.01"]

1. e4 c6 2. c4 d5 3. exd5 cxd5 4. cxd5 Nf6 5. Nc3 Nxd5 6. Nf3 Nc6 7. d4 e6 8. Bd3 Be7 9. O-O O-O 10. Re1 Nf6 11. a3 b6 12. Bg5 Bb7 13. Bc2 Rc8 14. Qd3 g6 15. Rad1 Nd5 16. Bh6 Re8 17. Ba4 a6 18. Nxd5 Qxd5 19. Qe3 Bf6 20. Bb3 Qd7 21. d5 exd5 22. Qxb6 Rxe1+ 23. Rxe1 Bxb2 24. Bxd5 Bg7 25. Bxg7 Kxg7 26. h4 Qxd5 27. Qxb7 Rb8 28. Qxa6 Rb3 29. Qa4 Rc3 30. Re3 Rc4 31. Qb3 Nd4 32. Qb2 Kh6 33. Ne5 Rc2 34. Qb8 Kg7 35. h5 Nf5 36. Re1 gxh5 37. Nf3 Qc5 38. Qe5+ Qxe5 39. Rxe5 Rc1+ 40. Kh2 Kf6 41. Rb5 Ra1 42. Rb6+ Kg7 1/2-1/2

[Event "Bijelo Polje (m/1)"]
[Site "?"]
[Date "1996.??.??"]
[Round "?"]
[White "Ivanovic, B."]
[Black "Karpov, An"]
[Result "0-1"]
[WhiteElo "2510"]
[BlackElo "2775"]
[PlyCount "64"]
[EventDate "1996.??.??"]
[Source "www.chesslib.no"]
[SourceDate "2004.05.04"]

1. e4 c6 2. d4 d5 3. exd5 cxd5 4. c4 Nf6 5. Nc3 e6 6. Nf3 Be7 7. cxd5 Nxd5 8. Bd3 Nc6 9. O-O O-O 10. Re1 Nf6 11. Bg5 b6 12. Qe2 Bb7 13. Rad1 Nb4 14. Bb1 Rc8 15. Ne5 Nbd5 16. Qd3 g6 17. Bh6 Re8 18. Qh3 Bf8 19. Bg5 Be7 20. Bh6 Bf8 21. Bd2 Nxc3 22. bxc3 b5 23. Bd3 a6 24. Rb1 Rc7 25. c4 bxc4 26. Bxc4 Qxd4 27. Ba5 Rxc4 28. Rxb7 Rc5 29. Bc7 Qd5 30. Ra7 Re7 31. Qh4 Rexc7 32. Rxc7 Rxc7 0-1

[Event "Bijelo Polje (m/3)"]
[Site "?"]
[Date "1996.??.??"]
[Round "?"]
[White "Ivanovic, B."]
[Black "Karpov, An"]
[Result "1/2-1/2"]
[WhiteElo "2510"]
[BlackElo "2775"]
[PlyCount "31"]
[EventDate "1996.??.??"]
[Source "www.chesslib.no"]
[SourceDate "2004.05.04"]

1. e4 c6 2. d4 d5 3. exd5 cxd5 4. c4 Nf6 5. Nc3 e6 6. Nf3 Be7 7. cxd5 Nxd5 8. Bd3 Nc6 9. O-O O-O 10. Re1 Bf6 11. Be4 Nce7 12. Qd3 h6 13. a3 Bd7 14. Ne5 Nxc3 15. Qxc3 Bc6 16. Bxc6 1/2-1/2

[Event "FRA-chT"]
[Site "France"]
[Date "2002.03.29"]
[Round "4.1"]
[White "Adams, Michael"]
[Black "Doettling, Fabian"]
[Result "1-0"]
[WhiteElo "2742"]
[BlackElo "2540"]
[PlyCount "55"]
[EventDate "2002.02.01"]
[Source "ChessBase"]
[SourceDate "2002.07.08"]

1. e4 c6 2. d4 d5 3. exd5 cxd5 4. c4 Nf6 5. Nc3 e6 6. Nf3 Be7 7. cxd5 Nxd5 8. Bd3 Nc6 9. O-O O-O 10. Re1 Nf6 11. a3 b6 12. Bg5 Bb7 13. Bc2 Nd5 14. Qd3 g6 15. Bh6 Re8 16. Ba4 Rc8 17. Rad1 a6 18. Nxd5 Qxd5 19. Qe3 Bf6 20. Bb3 Qd8 21. Ne5 Bxe5 22. dxe5 Qc7 23. Rc1 Qb8 24. Qxb6 Ne7 25. Bxe6 Rc6 26. Rxc6 Bxc6 27. Qxb8 Rxb8 28. Bc4 1-0

[Event "Groningen PCA"]
[Site "Groningen"]
[Date "1993.??.??"]
[Round "6"]
[White "Topalov, Veselin"]
[Black "Vyzmanavin, Alexey"]
[Result "1/2-1/2"]
[WhiteElo "2650"]
[BlackElo "2605"]
[PlyCount "52"]
[EventDate "1993.12.??"]
[Source "ChessBase"]

1. e4 c6 2. d4 d5 3. exd5 cxd5 4. c4 Nf6 5. Nc3 e6 6. Nf3 Be7 7. cxd5 Nxd5 8. Bd3 Nc6 9. O-O O-O 10. Re1 Bf6 11. Be4 Nce7 12. Ne5 Bd7 13. Qd3 g6 14. Bh6 Bg7 15. Bxg7 Kxg7 16. Bxd5 exd5 17. Re2 f6 18. Nxd7 Qxd7 19. Rae1 Nc6 20. g3 Rf7 21. Na4 b6 22. Nc3 Rd8 23. Kg2 Qf5 24. Rd2 Qd7 25. h3 Re7 26. Rxe7+ Nxe7 1/2-1/2

[Event "Metalska Trgovina CC 90"]
[Site "Ljubljana"]
[Date "2002.01.29"]
[Round "10"]
[White "Kharlov, Andrei"]
[Black "Nisipeanu, Liviu Dieter"]
[Result "1-0"]
[WhiteElo "2638"]
[BlackElo "2608"]
[PlyCount "51"]
[EventDate "2002.01.19"]
[Source "ChessBase"]
[SourceDate "2002.03.21"]

1. c4 e6 2. Nc3 c5 3. e3 Nf6 4. Nf3 Be7 5. d4 cxd4 6. exd4 d5 7. cxd5 Nxd5 8. Bd3 Nc6 9. O-O O-O 10. Re1 Nf6 11. a3 b6 12. Bc2 Bb7 13. Qd3 g6 14. Bh6 Re8 15. Rad1 Qc7 16. Bb3 Rad8 17. h3 Rd7 18. d5 Rc8 19. Qe3 exd5 20. Nxd5 Nxd5 21. Bxd5 Bc5 22. Qe8+ Bf8 23. Bxf8 Rxe8 24. Rxe8 Qb8 25. Rxb8 Nxb8 26. Bd6 1-0

[Event "Moscow PCA-Intel qual"]
[Site "Moscow"]
[Date "1995.??.??"]
[Round "10"]
[White "Dolmatov, Sergey"]
[Black "Epishin, Vladimir"]
[Result "0-1"]
[WhiteElo "2605"]
[BlackElo "2635"]
[PlyCount "91"]
[EventDate "1995.??.??"]
[Source "ChessBase"]

1. e4 c6 2. d4 d5 3. exd5 cxd5 4. c4 Nf6 5. Nf3 e6 6. Nc3 Be7 7. cxd5 Nxd5 8. Bd3 Nc6 9. O-O O-O 10. Re1 Nf6 11. a3 b6 12. Bg5 Bb7 13. Bc2 h6 14. Bf4 Bd6 15. Be5 Rc8 16. Qe2 Na5 17. Qd3 g6 18. Bxd6 Qxd6 19. Ne5 Rc7 20. Rad1 Rfc8 21. Qh3 Qf8 22. Bd3 a6 23. Re3 Nc6 24. Bxg6 fxg6 25. Qxe6+ Kg7 26. Rg3 g5 27. Qf5 Nxe5 28. dxe5 Ne4 29. Qxf8+ Kxf8 30. Nxe4 Bxe4 31. h4 Rc1 32. Rxc1 Rxc1+ 33. Kh2 gxh4 34. Rg4 Re1 35. Rxh4 Kg7 36. f3 Bd5 37. Rb4 b5 38. a4 Bc6 39. axb5 axb5 40. Rd4 Rxe5 41. b4 Bd5 42. Kg3 Bf7 43. Kf4 Rd5 44. Re4 Rd2 45. Re7 Rxg2 46. Rb7 0-1

[Event "Groningen"]
[Site "?"]
[Date "1994.??.??"]
[Round "?"]
[White "Gulko, B."]
[Black "Beliavsky, A."]
[Result "1/2-1/2"]
[WhiteElo "2590"]
[BlackElo "2640"]
[PlyCount "122"]
[EventDate "1994.??.??"]
[Source "ChessBase"]
[SourceDate "1994.10.01"]

1. c4 c6 2. e4 d5 3. exd5 cxd5 4. d4 Nf6 5. Nc3 e6 6. Nf3 Be7 7. cxd5 Nxd5 8. Bd3 Nc6 9. O-O O-O 10. Re1 Bf6 11. a3 Qb6 12. Be4 Nce7 13. Ne5 g6 14. Bh6 Bg7 15. Bxg7 Kxg7 16. Qd2 Nf6 17. Rad1 Rd8 18. Re3 Bd7 19. Rf3 Neg8 20. g4 Be8 21. g5 Nh5 22. Na4 Qc7 23. Nc5 Rab8 24. Qc3 Qe7 25. Nxf7 Bxf7 26. d5+ e5 27. Ne6+ Bxe6 28. Qxe5+ Ngf6 29. gxf6+ Nxf6 30. Rdd3 Re8 31. dxe6 Qxe6 32. Qxe6 Rxe6 33. Bd5 Re7 34. Bb3 Nh5 35. Rde3 Rd7 36. Be6 Rc7 37. Bd5 Nf6 38. Be6 Rd8 39. Rc3 Re7 40. Rfe3 Rde8 41. Bb3 Rxe3 42. fxe3 Re7 43. h3 Ne4 44. Rd3 Nc5 45. Rc3 Nxb3 46. Rxb3 Kf6 47. Kf2 Ke6 48. Rb5 Kd6 49. Kf3 b6 50. h4 Re5 51. Rb4 b5 52. a4 a6 53. Rf4 Ke6 54. Ke2 Rd5 55. axb5 axb5 56. b4 h6 57. Re4+ Re5 58. Rd4 g5 59. hxg5 hxg5 60. Kf3 Rf5+ 61. Kg4 Re5 1/2-1/2

[Event "Nice ol (Men)"]
[Site "Nice FRA"]
[Date "1974.??.??"]
[Round "14"]
[White "Kavalek, Lubomir"]
[Black "Hort, Vlastimil"]
[Result "1/2-1/2"]
[WhiteElo "2625"]
[BlackElo "2600"]
[PlyCount "57"]
[EventDate "1974.06.06"]
[Source "www.chesslib.no"]
[SourceDate "2004.05.04"]

1. e4 c6 2. d4 d5 3. exd5 cxd5 4. c4 Nf6 5. Nc3 e6 6. Nf3 Be7 7. cxd5 Nxd5 8. Bd3 Nc6 9. O-O O-O 10. Re1 Bf6 11. Be4 Nce7 12. Qc2 g6 13. Bh6 Bg7 14. Bxg7 Kxg7 15. Ne5 b6 16. Nxd5 exd5 17. Bf3 Be6 18. Rac1 Rc8 19. Qa4 a5 20. h3 Qd6 21. a3 Rxc1 22. Rxc1 Rc8 23. Rxc8 Bxc8 24. Qe8 Be6 25. Bg4 h5 26. Bxe6 Qxe6 27. Nd7 Nf5 28. Qf8+ Kh7 29. Ne5 1/2-1/2

[Event "XXIV ECC"]
[Site "Kallithea GRE"]
[Date "2008.10.21"]
[Round "5"]
[White "Arutinian, D."]
[Black "Fridman, D2."]
[Result "0-1"]
[WhiteElo "2584"]
[BlackElo "2630"]
[PlyCount "78"]
[EventDate "2008.10.17"]
[Source "www.chesslib.no"]
[SourceDate "2004.05.04"]

1. c4 Nf6 2. Nc3 c5 3. Nf3 d5 4. cxd5 Nxd5 5. e3 e6 6. d4 Nc6 7. Bd3 Be7 8. O-O O-O 9. a3 Nxc3 10. bxc3 b6 11. Qe2 Bb7 12. Bb2 Bf6 13. Rad1 Qe7 14. e4 g6 15. Bb1 Rfd8 16. Ba2 Rac8 17. Rfe1 Na5 18. Bc1 Rd7 19. Bf4 cxd4 20. cxd4 Qxa3 21. d5 exd5 22. e5 Re7 23. Bxd5 Bxd5 24. Rxd5 Bg7 25. h4 Qa4 26. Nd4 Nc6 27. Qe4 Rce8 28. Nxc6 Qxc6 29. h5 Rd7 30. Red1 Rxd5 31. Rxd5 g5 32. Bxg5 Bxe5 33. Bf4 f5 34. Qf3 Bxf4 35. g3 Be5 36. h6 Qxh6 37. Qxf5 Qe6 38. Qd3 Bg7 39. Rd7 Qe1+ 0-1

[Event "RUS-ch51"]
[Site "St Petersburg"]
[Date "1998.08.02"]
[Round "6"]
[White "Razuvaev, Yuri S"]
[Black "Shipov, Sergei"]
[Result "1/2-1/2"]
[WhiteElo "2560"]
[BlackElo "2635"]
[PlyCount "22"]
[EventDate "1998.07.28"]
[Source "ChessBase"]
[SourceDate "1998.11.30"]

1. Nf3 Nf6 2. c4 c5 3. Nc3 e6 4. e3 Be7 5. d4 cxd4 6. exd4 d5 7. cxd5 Nxd5 8. Bd3 Nc6 9. O-O O-O 10. Re1 Bf6 11. a3 Qb6 1/2-1/2

[Event "Karadjordje Serbia"]
[Site "Topola"]
[Date "2004.05.09"]
[Round "6"]
[White "Georgiev, Kiril"]
[Black "Ruck, Robert"]
[Result "1/2-1/2"]
[WhiteElo "2637"]
[BlackElo "2556"]
[PlyCount "43"]
[EventDate "2004.05.04"]
[Source "ChessBase"]
[SourceDate "2004.07.27"]

1. Nf3 Nf6 2. c4 c5 3. Nc3 Nc6 4. e3 e6 5. d4 d5 6. cxd5 Nxd5 7. Bd3 Be7 8. O-O O-O 9. Re1 b6 10. a3 cxd4 11. Nxd5 Qxd5 12. exd4 Bb7 13. Be4 Qd7 14. Bf4 Rfd8 15. Qd3 f5 16. Bxc6 Qxc6 17. Rac1 Qd5 18. Rc7 Bf6 19. Be5 Rd7 20. Rxd7 Qxd7 21. h3 Rc8 22. Qe3 1/2-1/2

[Event "Reggio Emilia"]
[Site "?"]
[Date "1986.??.??"]
[Round "?"]
[White "Beliavsky, A."]
[Black "Portisch, L."]
[Result "0-1"]
[WhiteElo "2585"]
[BlackElo "2605"]
[PlyCount "54"]
[EventDate "1986.??.??"]
[Source "ChessBase"]
[SourceDate "1987.01.01"]

1. e4 c6 2. c4 d5 3. exd5 cxd5 4. cxd5 Nf6 5. Nc3 Nxd5 6. Nf3 e6 7. d4 Be7 8. Bd3 Nc6 9. O-O O-O 10. Re1 Bf6 11. Be4 Qd6 12. Nb5 Qb8 13. g3 Bd7 14. Nc3 Nce7 15. Bxd5 Nxd5 16. Nxd5 exd5 17. Bg5 Bxg5 18. Nxg5 Qd8 19. Nf3 Qb6 20. Qd2 Rfe8 21. Ne5 Bh3 22. Re3 f6 23. Rb3 Qa6 24. Nd3 g5 25. f3 Re7 26. Nf2 Re2 27. Qb4 Rc8 0-1

[Event "Camp. russo a squadre 2007"]
[Site "Sochi RUS"]
[Date "2007.05.09"]
[Round "8"]
[White "Potkin, V."]
[Black "Galkin, A."]
[Result "1/2-1/2"]
[WhiteElo "2593"]
[BlackElo "2590"]
[PlyCount "44"]
[EventDate "2007.05.02"]
[Source "www.chesslib.no"]
[SourceDate "2004.05.04"]

1. e4 c6 2. d4 d5 3. exd5 cxd5 4. c4 Nf6 5. Nc3 e6 6. Nf3 Be7 7. cxd5 Nxd5 8. Bd3 Nc6 9. O-O O-O 10. Re1 Nf6 11. a3 b6 12. Bg5 Bb7 13. Bc2 Nd5 14. Qd3 g6 15. Bh6 Re8 16. Rad1 Nxc3 17. bxc3 Qd5 18. c4 Qh5 19. Bf4 Na5 20. Re5 Qg4 21. Bg3 Bxf3 22. gxf3 Qh3 1/2-1/2

[Event "Reykjavik"]
[Site "Reykjavik ISL"]
[Date "1972.??.??"]
[Round "?"]
[White "Stein, Leonid Z"]
[Black "Tukmakov, Vladimir B"]
[Result "1/2-1/2"]
[WhiteElo "2620"]
[BlackElo "2560"]
[PlyCount "49"]
[EventDate "1972.??.??"]
[Source "www.chesslib.no"]
[SourceDate "2004.05.04"]

1. c4 Nf6 2. Nc3 e6 3. Nf3 d5 4. d4 c5 5. cxd5 Nxd5 6. e3 Nc6 7. Bd3 Be7 8. O-O O-O 9. Nxd5 Qxd5 10. Qc2 Qh5 11. Be4 cxd4 12. exd4 Bd7 13. Bd2 Rac8 14. Qb3 b6 15. Bc3 Na5 16. Qc2 Nc4 17. Ne5 Nxe5 18. dxe5 Bb4 19. Bxh7+ Kh8 20. Qd1 Qxd1 21. Raxd1 Bxc3 22. bxc3 Be8 23. Be4 Rxc3 24. Rd8 g6 25. Ra8 1/2-1/2

[Event "New York op"]
[Site "New York"]
[Date "1997.??.??"]
[Round "?"]
[White "Ibragimov, Ildar"]
[Black "Aleksandrov, Aleksej"]
[Result "0-1"]
[WhiteElo "2555"]
[BlackElo "2615"]
[PlyCount "82"]
[EventDate "1997.04.02"]
[Source "ChessBase"]

1. Nf3 e6 2. c4 Nf6 3. Nc3 d5 4. e3 c5 5. d4 Nc6 6. cxd5 Nxd5 7. Bd3 Nxc3 8. bxc3 Be7 9. O-O O-O 10. Qe2 a6 11. Rd1 b5 12. dxc5 Qc7 13. a4 b4 14. Bd2 b3 15. Nd4 b2 16. Ra2 Ne5 17. Rxb2 Nxd3 18. Qxd3 Bxc5 19. c4 Rd8 20. Rdb1 Bd7 21. Rb7 Qd6 22. Ba5 Rdc8 23. Qe4 Bxa4 24. Bc7 Qf8 25. Be5 Bxd4 26. Qxd4 Rd8 27. Qb6 Bc2 28. Ra1 Be4 29. Rc7 Rab8 30. Qa5 f6 31. Bd4 e5 32. Bc5 Qe8 33. f3 Qg6 34. Qe1 Bxf3 35. Qg3 Qxg3 36. hxg3 Be4 37. Ra2 Rbc8 38. Bb6 Rxc7 39. Bxc7 Rc8 40. Bb6 Rxc4 41. Kf2 Kf7 0-1

[Event "Calviá ol (Men)"]
[Site "Mallorca"]
[Date "2004.10.18"]
[Round "4.9"]
[White "Solak, Dragan"]
[Black "Kacheishvili, Giorgi"]
[Result "1/2-1/2"]
[WhiteElo "2563"]
[BlackElo "2599"]
[PlyCount "114"]
[EventDate "2004.10.15"]
[Source "Roberto Alvarez"]
[SourceDate "2004.10.25"]

1. e4 c6 2. d4 d5 3. exd5 cxd5 4. c4 Nf6 5. Nc3 e6 6. Nf3 Be7 7. cxd5 Nxd5 8. Bd3 O-O 9. O-O Nc6 10. Re1 Bf6 11. Be4 Nce7 12. Qc2 g6 13. Bh6 Re8 14. Qb3 b6 15. Nxd5 exd5 16. Bxd5 Nxd5 17. Rxe8+ Qxe8 18. Qxd5 Be6 19. Qe4 Rc8 20. Qf4 Bh8 21. h4 Qb5 22. Rc1 Rxc1+ 23. Qxc1 Bg7 24. b3 a5 25. Qf4 Bxh6 26. Qxh6 f6 27. Qf4 Kg7 28. g4 h6 29. g5 hxg5 30. hxg5 fxg5 31. Nxg5 Bg8 32. Ne4 Qf5 33. Qxf5 gxf5 34. Nc3 f4 35. Kf1 Kf6 36. Ke2 Kf5 37. Kd3 Bf7 38. Ne4 Bg6 39. Nd2 b5 40. Kc3 Ke6 41. a4 bxa4 42. bxa4 Be8 43. Nc4 Bxa4 44. Nxa5 Kd5 45. Nb7 Bb5 46. Nc5 Be2 47. Kd2 Bc4 48. Kc3 Be2 49. Nd7 Ke4 50. Ne5 Kd5 51. Ng6 Ke4 52. Ne5 Kd5 53. Nd7 Ke4 54. Nf6+ Kf5 55. Kd2 Bf1 56. Nd7 Ke4 57. Kc3 Be2 1/2-1/2

[Event "Lvov zt"]
[Site "Lvov"]
[Date "1978.??.??"]
[Round "3"]
[White "Balashov, Yuri S"]
[Black "Tseshkovsky, Vitaly"]
[Result "1/2-1/2"]
[WhiteElo "2590"]
[BlackElo "2570"]
[PlyCount "98"]
[EventDate "1978.04.??"]
[Source "ChessBase"]

1. Nf3 Nf6 2. c4 c5 3. Nc3 d5 4. cxd5 Nxd5 5. e3 e6 6. d4 Be7 7. Bd3 Nc6 8. O-O O-O 9. a3 cxd4 10. exd4 Nxc3 11. bxc3 b6 12. Qe2 Bb7 13. Rd1 Bf6 14. Qe4 g6 15. Bh6 Na5 16. Qf4 Bg7 17. Bxg7 Kxg7 18. Ne5 Rc8 19. Rac1 Qd5 20. f3 Qd8 21. Ng4 Qe7 22. Re1 f6 23. h4 Kg8 24. Qh6 Qf7 25. h5 Qg7 26. Qxg7+ Kxg7 27. Rxe6 gxh5 28. Ne3 Rc7 29. Re1 Kg8 30. c4 Bc8 31. Rd6 Nb7 32. Rd5 Rd7 33. Rxh5 Rxd4 34. Bxh7+ Kg7 35. Nd5 Nd6 36. Bc2 f5 37. Re7+ Rf7 38. Rxf7+ Kxf7 39. Rh7+ Kg6 40. Rxa7 Rxc4 41. Bb3 Rc1+ 42. Kf2 Rb1 43. Bc2 Rb2 44. Rc7 Be6 45. Nf4+ Kf6 46. Rc6 Ke7 47. Kg3 Bf7 48. Rc7+ Kf6 49. Rd7 Nc4 1/2-1/2

[Event "RUS-Cup2"]
[Site "Moscow"]
[Date "1996.??.??"]
[Round "8"]
[White "Malaniuk, Vladimir P"]
[Black "Shipov, Sergei"]
[Result "1-0"]
[WhiteElo "2610"]
[BlackElo "2535"]
[PlyCount "56"]
[EventDate "1996.11.28"]
[Source "www.chesslib.no"]
[SourceDate "2004.05.04"]

1. Nf3 Nf6 2. c4 c5 3. Nc3 e6 4. e3 Be7 5. d4 cxd4 6. exd4 d5 7. cxd5 Nxd5 8. Bd3 O-O 9. O-O Nc6 10. Re1 Ncb4 11. Bb1 Nf6 12. a3 Nbd5 13. Ne5 Bd7 14. Qd3 Bc6 15. Bg5 g6 16. Ba2 Qd6 17. Nxc6 bxc6 18. Qf3 Nxc3 19. bxc3 Nd5 20. Bh6 Rfd8 21. c4 Nf6 22. Be3 Rac8 23. Bb3 Ne8 24. d5 cxd5 25. Bf4 Qc5 26. cxd5 exd5 27. Rac1 Qxa3 28. Rxc8 Rxc8 1-0

[Event "Koge op"]
[Site "Koge"]
[Date "1997.??.??"]
[Round "4"]
[White "Rozentalis, Eduardas"]
[Black "Danielsen, Henrik"]
[Result "1/2-1/2"]
[WhiteElo "2645"]
[BlackElo "2500"]
[PlyCount "45"]
[EventDate "1997.??.??"]
[Source "www.chesslib.no"]
[SourceDate "2004.05.04"]

1. e4 c6 2. d4 d5 3. exd5 cxd5 4. c4 Nf6 5. Nc3 e6 6. Nf3 Be7 7. a3 O-O 8. cxd5 Nxd5 9. Bd3 Nc6 10. O-O Bf6 11. Bc2 b6 12. Re1 Bb7 13. Ne4 Rc8 14. Nxf6+ Nxf6 15. Bg5 Ne7 16. Ne5 Nf5 17. Bxf5 exf5 18. f3 h6 19. Bh4 g5 20. Bf2 Rc7 21. Qd2 Nd5 22. Rac1 Kg7 23. Rxc7 1/2-1/2

[Event "14th Nikea Open"]
[Site "?"]
[Date "????.??.??"]
[Round "7.2"]
[White "Gelashvili, Tamaz"]
[Black "Svetushkin, Dmitry"]
[Result "1-0"]
[WhiteElo "2575"]
[BlackElo "2569"]
[PlyCount "39"]
[EventDate "2006.??.??"]
[Source "www.chesslib.no"]
[SourceDate "2004.05.04"]

1. e4 c6 2. d4 d5 3. exd5 cxd5 4. c4 Nf6 5. Nc3 e6 6. Nf3 Be7 7. cxd5 Nxd5 8. Bd3 Nc6 9. O-O Bf6 10. Ne4 O-O 11. Nxf6+ Nxf6 12. Bg5 Nb4 13. Ne5 Bd7 14. Bxf6 gxf6 15. Bxh7+ Kxh7 16. Qh5+ Kg7 17. Qg4+ Kh6 18. f4 f5 19. Qh3+ Kg7 20. Qg3+ 1-0

[Event "Buenos Aires"]
[Site "Buenos Aires"]
[Date "1980.??.??"]
[Round "?"]
[White "Balashov, Yuri S"]
[Black "Panno, Oscar"]
[Result "1/2-1/2"]
[WhiteElo "2600"]
[BlackElo "2540"]
[PlyCount "49"]
[EventDate "1980.10.??"]
[Source "ChessBase"]

1. e4 c6 2. c4 d5 3. exd5 cxd5 4. cxd5 Nf6 5. Nc3 Nxd5 6. Nf3 e6 7. d4 Nc6 8. Bd3 Be7 9. O-O O-O 10. Re1 Nf6 11. a3 a6 12. Bg5 g6 13. Be4 Nxe4 14. Nxe4 Bxg5 15. Nexg5 b6 16. Qd2 Ne7 17. h4 Bb7 18. Rad1 Rc8 19. h5 Bxf3 20. Nxf3 Nd5 21. Ne5 Rc7 22. Rc1 Rxc1 23. Rxc1 Qh4 24. hxg6 hxg6 25. Nf3 1/2-1/2

[Event "RUS"]
[Site "?"]
[Date "2006.04.22"]
[Round "3"]
[White "Frolyanov Dmitry"]
[Black "Sakaev Konstantin"]
[Result "1/2-1/2"]
[WhiteElo "2497"]
[BlackElo "2637"]
[PlyCount "44"]
[EventDate "2006.??.??"]
[Source "www.chesslib.no"]
[SourceDate "2004.05.04"]

1. e4 c6 2. d4 d5 3. exd5 cxd5 4. c4 Nf6 5. Nc3 e6 6. Nf3 Be7 7. cxd5 Nxd5 8. Bd3 O-O 9. O-O Nc6 10. Re1 Bf6 11. Be4 Nce7 12. Ne5 g6 13. Bh6 Bg7 14. Bxg7 Kxg7 15. Qf3 b6 16. Bxd5 Nxd5 17. Nxd5 Qxd5 18. Qxd5 exd5 19. Rac1 Be6 20. Rc7 Rfc8 21. Rec1 Rxc7 22. Rxc7 Rc8 1/2-1/2

[Event "Biel MTO op"]
[Site "Biel"]
[Date "2000.07.30"]
[Round "6"]
[White "Sturua, Zurab"]
[Black "Burmakin, Vladimir"]
[Result "1/2-1/2"]
[WhiteElo "2594"]
[BlackElo "2538"]
[PlyCount "40"]
[EventDate "2000.07.24"]
[Source "ChessBase"]
[SourceDate "2000.09.14"]

1. e4 c6 2. d4 d5 3. exd5 cxd5 4. c4 Nf6 5. Nc3 e6 6. Nf3 Be7 7. cxd5 Nxd5 8. Bd3 Nc6 9. O-O O-O 10. Re1 Bf6 11. Be4 Nce7 12. Ne5 Bd7 13. Qd3 g6 14. Bh6 Bg7 15. Bxg7 Kxg7 16. Bxd5 exd5 17. Qf3 Bf5 18. Rad1 f6 19. Nd3 Bxd3 20. Rxd3 Qd7 1/2-1/2

[Event "CCOL10 fin 8893"]
[Site "CCOL10 fin 8893"]
[Date "1988.??.??"]
[Round "?"]
[White "Soltau, Achim"]
[Black "Webb, Simon"]
[Result "1-0"]
[WhiteElo "2505"]
[BlackElo "2625"]
[PlyCount "113"]
[EventDate "1988.??.??"]
[Source "www.chesslib.no"]
[SourceDate "2004.05.04"]

1. Nf3 Nf6 2. c4 c5 3. Nc3 e6 4. e3 Nc6 5. d4 d5 6. cxd5 Nxd5 7. Bd3 cxd4 8. exd4 Be7 9. O-O O-O 10. Re1 Bf6 11. Be4 Qd6 12. Bg5 Bxg5 13. Nxg5 h6 14. Nf3 Nxc3 15. bxc3 Bd7 16. Rb1 b6 17. Bc2 Rac8 18. Qd3 f5 19. c4 Rc7 20. Bb3 Bc8 21. Qc3 Qb4 22. Qe3 Kh7 23. Qf4 Rb7 24. h4 Rd8 25. Qe3 Rc7 26. Rbd1 Rcd7 27. d5 exd5 28. cxd5 Re7 29. Qd3 Rxe1+ 30. Rxe1 Na5 31. Bc2 Qc5 32. Re5 Nc4 33. Rxf5 Bxf5 34. Qxf5+ Kg8 35. Qh7+ Kf7 36. Bg6+ Kf6 37. Be4 Kf7 38. Bg6+ Kf6 39. Be4 Kf7 40. Qf5+ Kg8 41. g4 Qd6 42. Qh7+ Kf7 43. g5 Qf4 44. Bg6+ Ke7 45. Qxg7+ Kd6 46. Qxh6 Qg4+ 47. Kf1 Kxd5 48. Bf7+ Kc5 49. Qe6 Qxf3 50. Qxc4+ Kd6 51. g6 Rd7 52. Kg1 Re7 53. Qb4+ Kd7 54. g7 Qd1+ 55. Kg2 Rxf7 56. g8=Q Qd5+ 57. f3 1-0